00613nas a2200205 4500001001000000003000900010005001700019007000300036008003400039040005400073041000900127072001300136100001700149100002200166245007500188650001000263650001600273650002300289773009500312BR0804922BR-BrBNA20231205112357.0ta230509b bl.|||p| |||| 00| 00por d aBR-BrBNAbporcBiblioteca Nacional de Agricultura a(Pt) aL70; L731 aSoares, E.C.1 aLarsson, M.H.M.A.1 aAspectos eletrocardiográficos da doença valvar crônica em cães aCÃO aCORAÇÃO aELETROCARDIOGRAFIA0 tVeterinaria Noticias (Brazil)xISSN 0104-3463g(Jan-Jun 2007), v. 13(1) p. 9-15wBR0804922